| 000 | 00842nam a2200217Ia 4500 | ||
|---|---|---|---|
| 001 | 19873 | ||
| 003 | GE_BSU | ||
| 008 | 181216s||||||||xx |||||||||||||| ||und|| | ||
| 040 | _cGE_BSU | ||
| 080 | _a02 | ||
| 245 | _aწიგნადი ფონდების მავნებლები და მათ წინააღმდეგ ბრძოლა | ||
| 245 | _cშემდგ.დ.ა. ჯაფარიძე. რედ. ა. აბაშიძე. | ||
| 260 | _aთბილისი | ||
| 260 | _c1963 | ||
| 300 | _a21გვ. | ||
| 541 | _h2ლ. 50თ. | ||
| 653 | _aბიბლიოთეკარი | ||
| 653 | _aქსეროქსი | ||
| 653 | _aწიგნადი ფონდების მავნებლები და მათ წინააღმდეგ ბრძოლა | ||
| 942 | _cBK | ||
| 999 |
_c52843 _d52843 |
||